[Event "ROM-ch U08 Girls"]
[Site "Calimanesti Caciulata"]
[Date "2019.04.17"]
[Round "4.8"]
[White "Nanu, Alexandra Gabriela"]
[Black "Craita, Miruna Gabriela"]
[Result "0-1"]
[WhiteElo "1001"]
[BlackElo "1001"]
[PlyCount "36"]
[EventDate "2019.04.15"]
[EventType "swiss"]
[EventRounds "9"]
[EventCountry "ROU"]
[SourceTitle "EXT 2024"]
[Source "ChessBase"]
[SourceDate "2023.10.10"]
[SourceVersion "1"]
[SourceVersionDate "2023.10.10"]
[SourceQuality "1"]

1. e4 e5 2. d4 Nf6 3. dxe5 Ng4 4. Be2 Nxe5 5. Nf3 d6 6. Nxe5 dxe5 7. 0-0 Bc5 8. Bc4 0-0 9. Qe2 Nc6 10. Rd1 Bd7 11. Rd2 h6 12. Qd1 Qf6 13. Rxd7 Qxf2+ 14. Kh1 Rfe8 15. Bxf7+ Kf8 16. Bxe8 Kxe8 17. Rxc7 Rd8 18. Rxb7 Rxd1# 0-1